Catalog

Record Details

Catalog Search



Plato, not prozac! : applying philosophy to ... Read More

Marinoff, Lou.(Author).
Kapklein, Colleen.(Added Author).

Available copies

  • 1 of 1 copy available at LARL/NWRL Consortium.

Current holds

0 current holds with 1 total copy.

Show Only Available Copies
Location Call Number / Copy Notes Barcode Shelving Location Status Due Date
Thief River Falls Public Library 100 MAR (Text) 35500003985221 Main Available -

Record details

  • ISBN: 006019328X
  • Physical Description: xii, 308 p. ; 22 cm.
  • Publisher: New York : HarperCollins, 1999.

Content descriptions

Bibliography, etc. Note:
Includes bibliographical references and index.
Subject: Philosophical counseling
LDR 00902nam a2200265Ia 4500
00127209
003LARL_NWRL_CONSORTIUM
00519990817163948.0
008990223s1999 nyu b 001 0 eng
010 . ‡a99022650
020 . ‡a006019328X
035 . ‡a(OCoLC)40912717
040 . ‡aDLC ‡cDLC ‡dJBO ‡dLAL
08200. ‡a100 ‡221
092 . ‡a100 ‡bMar
1001 . ‡aMarinoff, Lou. ‡0(LARL_NWRL_CONSORTIUM)128570
24510. ‡aPlato, not prozac! : ‡bapplying philosophy to everyday problems / ‡cLou Marinoff with Colleen Kapklein.
260 . ‡aNew York : ‡bHarperCollins, ‡c1999.
300 . ‡axii, 308 p. ; ‡c22 cm.
504 . ‡aIncludes bibliographical references and index.
650 0. ‡aPhilosophical counseling ‡0(LARL_NWRL_CONSORTIUM)40293
7001 . ‡aKapklein, Colleen. ‡0(LARL_NWRL_CONSORTIUM)128571
901 . ‡a27209 ‡bOCLC ‡c27209 ‡tbiblio

Additional Resources